[Event "Titled Tue 17th Jun Early"]
[Site "chess.com INT"]
[Date "2025.06.17"]
[Round "6"]
[White "So, Wesley"]
[Black "Svane, Rasmus"]
[Result "1/2-1/2"]
[WhiteTitle "GM"]
[BlackTitle "GM"]
[WhiteElo "2745"]
[BlackElo "2626"]
[WhiteFideId "5202213"]
[BlackFideId "4657101"]
[EventDate "2025.06.17"]

1. b3 d5 2. Bb2 Nf6 3. Nf3 Bf5 4. Nh4 Bd7 5. g3 Nc6 6. d4 g5 7. Nf3 h6 8. Bg2
Bf5 9. c4 e6 10. O-O Bg7 11. Nc3 O-O 12. e3 Ne4 13. Rc1 Nxc3 14. Bxc3 Be4 15.
Re1 a6 16. Bf1 Qd7 17. b4 Rfd8 18. a4 Ne7 19. b5 axb5 20. axb5 Bxf3 21. Qxf3 c6
22. Bb4 dxc4 23. Bxc4 cxb5 24. Bxe7 Qxe7 25. Bxb5 Ra2 26. Rb1 Rc8 27. Bd3 Rc7
28. Be4 Ra3 29. Red1 Ra7 30. Rb6 Bf6 31. Rdb1 Kg7 32. Bxb7 Ra3 33. R6b3 Rxb3 34.
Rxb3 Rc1+ 35. Kg2 Qc7 36. Ba6 Qc6 37. Qxc6 Rxc6 38. Bd3 Rc1 39. Rb7 Ra1 40. Be2
Kf8 41. Rb8+ Kg7 42. Rb7 Kf8 43. Bh5 Be7 44. h3 Ra2 45. Rb8+ Kg7 46. Rb7 Kf8 47.
Rd7 Rb2 48. Ra7 Rc2 49. Kf3 Rd2 50. Rc7 Rb2 51. Rd7 Rd2 52. Rb7 Ra2 53. e4 Ra3+
54. Ke2 Ra2+ 55. Ke3 Ra3+ 56. Ke2 Ra2+ 57. Kf3 Ra3+ 58. Kg2 Rd3 59. Rd7 Ke8 60.
Ra7 Rxd4 61. Ra8+ Rd8 62. Rxd8+ Bxd8 63. f4 Kf8 64. f5 exf5 65. exf5 Kg7 66. Kf3
Bc7 67. Kg2 Kf6 68. Kf3 Kxf5 69. Bxf7 Kf6 70. Bh5 Kg7 71. Kg2 Kf6 72. Kf3 Kg7
73. Kg2 Kf6 74. Kf3 1/2-1/2

[Event "Titled Tue 17th Jun Early"]
[Site "chess.com INT"]
[Date "2025.06.17"]
[Round "6"]
[White "Herrera Ortiz, Miguel"]
[Black "Salinas Herrera, Pablo"]
[Result "0-1"]
[WhiteTitle "IM"]
[BlackTitle "GM"]
[WhiteElo "2174"]
[BlackElo "2447"]
[WhiteFideId "5100550"]
[BlackFideId "3407128"]
[EventDate "2025.06.17"]

1. e4 c5 2. Nf3 e6 3. d4 cxd4 4. Nxd4 a6 5. c4 Qc7 6. Nc3 b6 7. a3 Bb7 8. f3 Nf6
9. Be3 d6 10. Be2 Nbd7 11. Rc1 Be7 12. Qd2 O-O 13. O-O Rac8 14. Rfd1 Rfd8 15.
Bf1 h5 16. b4 Qb8 17. Nb3 Bc6 18. Qf2 Re8 19. a4 Bd8 20. b5 axb5 21. cxb5 Ba8
22. Ne2 Nc5 23. Nxc5 dxc5 24. Bf4 Qa7 25. Nc3 Nh7 26. Rd2 Bf6 27. Qe3 Bd4 28.
Rxd4 cxd4 29. Qxd4 Red8 30. Qb4 Nf6 31. Be3 Nd7 32. Rd1 Nc5 33. Rxd8+ Rxd8 34.
a5 Qb8 35. Bxc5 bxc5 36. Qxc5 Rc8 37. Qd4 Qc7 38. Ne2 Qxa5 39. Nf4 g6 40. Nxe6
fxe6 41. Qf6 Qb6+ 42. Kh1 Rc7 43. Qxg6+ Kf8 44. Qf6+ Rf7 45. Qh8+ Ke7 46. Qxa8
Qf2 47. Qa1 Rf8 48. Bc4 Rc8 49. Qa3+ Kf7 50. h4 Qxh4+ 51. Kg1 Rxc4 52. Qa7+ Qe7 0-1

[Event "Titled Tue 17th Jun Early"]
[Site "chess.com INT"]
[Date "2025.06.17"]
[Round "6"]
[White "Topencik, Bruno"]
[Black "Lee, Qing Aun"]
[Result "1-0"]
[WhiteTitle "FM"]
[BlackTitle "FM"]
[WhiteElo "2276"]
[BlackElo "2280"]
[WhiteFideId "23716550"]
[BlackFideId "5804167"]
[EventDate "2025.06.17"]

1. e4 c5 2. Nc3 g6 3. d4 cxd4 4. Qxd4 Nf6 5. Be3 Nc6 6. Qd2 Bg7 7. f3 a6 8.
O-O-O h5 9. Nge2 b5 10. Nf4 Bb7 11. Be2 Qa5 12. Kb1 Rc8 13. Ncd5 Qxd2 14. Rxd2
Ne5 15. Nxf6+ Bxf6 16. Nd5 Bxd5 17. Rxd5 d6 18. Rhd1 Nc4 19. Bxc4 Rxc4 20. Bd4
Bxd4 21. R5xd4 Rxd4 22. Rxd4 Kd7 23. c3 Rc8 24. Kc2 Rc5 25. a3 h4 26. Rd2 Ke6
27. Kd3 Ke5 28. Ke3 f5 29. exf5 Kxf5 30. g3 h3 31. Rd4 Re5+ 32. Kf2 g5 33. g4+
Ke6 34. Rd2 Rd5 35. Rxd5 Kxd5 36. Kg3 Ke5 37. Kxh3 Kf4 38. Kg2 e5 39. h3 d5 40.
Kf2 e4 41. fxe4 dxe4 42. b3 e3+ 43. Ke2 Ke4 44. c4 bxc4 45. bxc4 Kd4 46. c5 Kxc5
47. Kxe3 Kc4 48. Ke4 Kb3 49. Kf5 Kxa3 50. Kxg5 Kb4 51. h4 a5 52. h5 a4 53. h6 a3
54. h7 a2 55. h8=Q Kb3 56. Qa1 1-0

[Event "Titled Tue 17th Jun Early"]
[Site "chess.com INT"]
[Date "2025.06.17"]
[Round "6"]
[White "Hungaski, Robert"]
[Black "Emujin Enkh-Amgalan"]
[Result "1-0"]
[WhiteTitle "GM"]
[BlackTitle "WCM"]
[WhiteElo "2477"]
[BlackElo "2022"]
[WhiteFideId "2021030"]
[BlackFideId "4908023"]
[EventDate "2025.06.17"]

1. h3 d5 2. e3 c5 3. Nf3 g6 4. Bb5+ Bd7 5. Qe2 Bg7 6. O-O Nf6 7. Bxd7+ Nbxd7 8.
d3 O-O 9. e4 dxe4 10. dxe4 Qb6 11. e5 Nd5 12. c4 Nc7 13. Nc3 Qc6 14. Rd1 f6 15.
Nd5 Rae8 16. exf6 Nxf6 17. Nxe7+ Kh8 18. Nxc6 Rxe2 19. Nce5 Ne4 20. Nd3 Ne6 21.
Be3 b6 22. Rab1 Rd8 23. a4 Bd4 24. Kf1 Bxe3 25. Kxe2 Bh6 26. g3 Re8 27. Nde5
Nd4+ 28. Nxd4 Rxe5 29. Nf3 Re7 30. Kf1 Kg7 31. Kg2 Kf7 32. Rd3 Bg7 33. b3 Nc3
34. Rc1 Ne4 35. Re1 Bf6 36. h4 h6 37. Rde3 Nd6 38. Rxe7+ Bxe7 39. Re3 Nf5 40.
Rd3 Ke6 41. Kf1 Bf6 42. Ke2 g5 43. hxg5 hxg5 44. g4 Nd6 45. Nd2 Be5 46. f3 Bd4
47. Ne4 Nf7 48. Rd1 Ke5 49. Rh1 Kf4 50. Rh7 Ne5 51. Rxa7 Nxf3 52. Rf7+ Kxe4 53.
Rxf3 Be5 54. Rf5 Bf4 55. Rf6 Bc7 56. Rc6 Bd8 57. Rd6 Bc7 58. Rd7 Be5 59. Rb7 Kf4
60. Rxb6 Kxg4 61. a5 Kf5 62. a6 g4 63. a7 Bd4 64. a8=Q 1-0

[Event "Titled Tue 17th Jun Early"]
[Site "chess.com INT"]
[Date "2025.06.17"]
[Round "6"]
[White "Jake Shanty"]
[Black "Goodrich, Elliott"]
[Result "1-0"]
[WhiteTitle "FM"]
[WhiteElo "2252"]
[BlackElo "2019"]
[WhiteFideId "33478066"]
[BlackFideId "39902064"]
[EventDate "2025.06.17"]

1. Nf3 Nf6 2. b3 g6 3. Bb2 Bg7 4. c4 b6 5. g3 Bb7 6. Bg2 c5 7. O-O O-O 8. Nc3 d5
9. cxd5 Nxd5 10. Qc1 Qd7 11. Nxd5 Bxd5 12. Bxg7 Kxg7 13. Qb2+ f6 14. Rac1 Nc6
15. Rfd1 Rad8 16. d3 e5 17. a3 a5 18. Ne1 Nd4 19. Bxd5 Qxd5 20. Rb1 Rc8 21. e3
Nf3+ 22. Nxf3 Qxf3 23. b4 cxb4 24. axb4 axb4 25. Qxb4 Rc2 26. Rf1 h5 27. Qxb6
Rf7 28. Qb4 g5 29. h4 Qf5 30. Rbd1 gxh4 31. Qxh4 Rb7 32. d4 Rbb2 33. Qh2 e4 34.
d5 Rd2 35. d6 Qd7 36. Qxh5 Rxd6 37. Rxd6 Qxd6 38. Qg4+ Kf7 39. Qxe4 Rb4 40. Qh7+
Ke6 41. Qg8+ Kd7 42. Ra1 Kc7 43. Qf7+ Kb6 44. Qa7+ Kb5 45. Qa5+ Kc4 46. Rc1+ Kb3
47. Qa1 Qd2 48. Rd1 Qc2 49. Rb1+ Kc4 50. Qd4+ 1-0

[Event "Titled Tue 17th Jun Early"]
[Site "chess.com INT"]
[Date "2025.06.17"]
[Round "6"]
[White "Howell, David W L"]
[Black "Andreev, Konstantin"]
[Result "1-0"]
[WhiteTitle "GM"]
[BlackTitle "FM"]
[WhiteElo "2668"]
[BlackElo "2208"]
[WhiteFideId "410608"]
[BlackFideId "24239305"]
[EventDate "2025.06.17"]

1. g3 e5 2. Nf3 Nc6 3. e4 Nf6 4. Nc3 Bb4 5. Bg2 O-O 6. O-O d6 7. d3 h6 8. h3 Be6
9. Re1 Re8 10. Bd2 a5 11. Kh2 Qd7 12. a3 Bc5 13. Be3 Rad8 14. d4 exd4 15. Nxd4
Nxd4 16. Bxd4 Bxd4 17. Qxd4 c5 18. Qd3 c4 19. Qd4 b5 20. Rad1 b4 21. axb4 axb4
22. Ne2 Qc7 23. Nf4 Bc8 24. Re3 Bb7 25. Rde1 Re5 26. b3 Rc5 27. f3 Ra8 28. R3e2
Nd7 29. Rd1 Ra6 30. Red2 Ne5 31. Qf2 Rac6 32. Ne2 cxb3 33. cxb3 Rc2 34. Nd4 Rxd2
35. Rxd2 Rc5 36. f4 Nc6 37. Nf5 Rc3 38. Nxd6 Rxb3 39. e5 Ba6 40. Bd5 Rc3 41.
Nxf7 Ne7 42. Be6 Bc4 43. Bxc4 Kh7 44. Nd6 Rxc4 45. Nxc4 Qxc4 46. Qe2 Qc5 47.
Qd3+ Kg8 48. Rc2 Qb6 49. Qd6 1-0

[Event "Titled Tue 17th Jun Early"]
[Site "chess.com INT"]
[Date "2025.06.17"]
[Round "6"]
[White "Savitha, Shri B"]
[Black "Grandelius, Nils"]
[Result "0-1"]
[WhiteTitle "IM"]
[BlackTitle "GM"]
[WhiteElo "2293"]
[BlackElo "2643"]
[WhiteFideId "35061887"]
[BlackFideId "1710400"]
[EventDate "2025.06.17"]

1. e4 c5 2. Nf3 d6 3. b4 cxb4 4. a3 bxa3 5. d4 Nf6 6. Bd3 g6 7. e5 dxe5 8. dxe5
Nd5 9. Bxa3 Nc6 10. O-O Bg7 11. Be4 Be6 12. c4 Nb6 13. Nbd2 O-O 14. c5 Nd7 15.
Bxc6 bxc6 16. Re1 Bd5 17. Qa4 Qc7 18. Qd4 Rab8 19. Qe3 Rb5 20. Nd4 Ra5 21. f4 e6
22. Ne4 Bxe4 23. Qxe4 Rc8 24. Bb4 Rxa1 25. Rxa1 Bf8 26. Rc1 Qb7 27. Ba3 Qa6 28.
Qe3 Qa4 29. f5 gxf5 30. Bb2 Bg7 31. Qg5 h6 32. Qg3 Kh7 33. Bc3 Bxe5 34. Qe3 Rg8
35. Rf1 Rg6 36. h4 Qc4 37. Qd2 Qxc5 38. Kh1 Qd5 39. h5 Rg5 40. Qd1 Nf6 41. Bb2
Rxh5+ 42. Kg1 Bh2+ 43. Kf2 Ne4+ 44. Ke3 Rg5 45. Nf3 Qxd1 46. Rxd1 Rxg2 47. Ba1
Bd6 48. Rb1 Bc5+ 49. Kd3 Rg3 50. Ke2 Rxf3 51. Kxf3 Nd2+ 0-1

[Event "Titled Tue 17th Jun Early"]
[Site "chess.com INT"]
[Date "2025.06.17"]
[Round "6"]
[White "Bold, Andre"]
[Black "Nitish, Belurkar"]
[Result "0-1"]
[WhiteTitle "CM"]
[BlackTitle "IM"]
[WhiteElo "2235"]
[BlackElo "2454"]
[WhiteFideId "16208471"]
[BlackFideId "5084768"]
[EventDate "2025.06.17"]

1. d4 d6 2. Nc3 g6 3. g3 Bg7 4. Bg2 Nd7 5. e4 c5 6. d5 Ngf6 7. Nge2 O-O 8. O-O
a6 9. a4 Re8 10. Bf4 Ne5 11. Bxe5 dxe5 12. a5 Bd7 13. Qd2 Rc8 14. Na4 Bxa4 15.
Rxa4 e6 16. Rd1 exd5 17. exd5 Qd7 18. Rh4 Rcd8 19. c4 h5 20. Nc3 Qc7 21. d6 Qxa5
22. Bxb7 Bf8 23. Ne4 Qxd2 24. Nxf6+ Kh8 25. Rxd2 Re6 26. Ne4 Bh6 27. Rd1 f5 28.
Nxc5 Rexd6 29. Rxd6 Rxd6 30. Bxa6 e4 31. b4 Bg5 32. b5 e3 33. fxe3 Bxe3+ 34. Kg2
Rd2+ 35. Kf1 Bxc5 36. Rf4 Rxh2 37. Bb7 Rc2 38. Bd5 Kg7 39. Rf3 Rb2 40. Rd3 Kf6
41. Bg8 Kg5 42. Rd5 Bf2 43. Rd6 Bxg3 44. Rc6 h4 45. Bh7 h3 46. Rxg6+ Kf4 47. Rh6
Kf3 48. Bxf5 h2 49. Be6 Rd2 50. Bd5+ Ke3 51. Rh7 Rf2+ 52. Ke1 Rf7+ 0-1

[Event "Titled Tue 17th Jun Early"]
[Site "chess.com INT"]
[Date "2025.06.17"]
[Round "6"]
[White "Mora Munoz, Alejandro"]
[Black "Jakubowski, Krzysztof"]
[Result "1/2-1/2"]
[WhiteTitle "FM"]
[BlackTitle "GM"]
[WhiteElo "2147"]
[BlackElo "2448"]
[WhiteFideId "4469844"]
[BlackFideId "1112848"]
[EventDate "2025.06.17"]

1. e4 c6 2. Nc3 d5 3. Nf3 Bg4 4. h3 Bxf3 5. Qxf3 e6 6. g3 Nd7 7. Bg2 d4 8. Ne2
Ne5 9. Qb3 d3 10. Nf4 dxc2 11. O-O Bc5 12. Qxc2 Qb6 13. b4 Bd4 14. Bb2 Nf6 15.
Rab1 Rd8 16. a4 O-O 17. a5 Qb5 18. Rfe1 a6 19. Bxd4 Rxd4 20. Ne2 Rxb4 21. d4 Nc4
22. Rxb4 Qxb4 23. Rb1 Na3 24. Rxb4 Nxc2 25. Rxb7 Rd8 26. Rc7 Kf8 27. Rxc6 Nxd4
28. Nxd4 Rxd4 29. Rxa6 Nxe4 30. Ra8+ Ke7 31. a6 Rd1+ 32. Kh2 Nxf2 33. a7 Ra1 34.
Rg8 Rxa7 35. Rxg7 Ra2 36. Rxh7 Nd3 37. Kg1 Ra1+ 38. Kh2 Ne5 39. h4 Ng4+ 40. Kh3
Nf2+ 41. Kh2 Ra2 42. Rh8 Kf6 43. Rb8 Ng4+ 44. Kh3 Nf2+ 45. Kh2 e5 46. Rb4 e4 47.
Kg1 e3 48. Bf3 Nd3 49. Re4 Ra1+ 50. Kh2 Ra2+ 51. Kg1 Ra1+ 52. Kh2 Ra2+ 53. Kg1 1/2-1/2

[Event "Titled Tue 17th Jun Early"]
[Site "chess.com INT"]
[Date "2025.06.17"]
[Round "6"]
[White "Dubnevych, Maksym"]
[Black "Sheehan, Ethan"]
[Result "1-0"]
[WhiteTitle "FM"]
[WhiteElo "2296"]
[BlackElo "2364"]
[WhiteFideId "14184001"]
[BlackFideId "30943965"]
[EventDate "2025.06.17"]

1. Nc3 Nf6 2. e4 e5 3. d4 exd4 4. Qxd4 Nc6 5. Qd3 Bb4 6. Bd2 O-O 7. O-O-O Re8 8.
Nge2 d6 9. h3 Be6 10. f4 Bc5 11. Kb1 a6 12. g4 h6 13. Bg2 Rb8 14. Qg3 Bc4 15.
Nc1 b5 16. e5 b4 17. Bxc6 bxc3 18. Qxc3 Bd5 19. Bxe8 Ne4 20. Qd3 c6 21. Be3 Qxe8
22. c4 Bxc4 23. Qxe4 Bd5 24. Qd3 Bxh1 25. Rxh1 Bxe3 26. Qxe3 Qe6 27. Rd1 dxe5
28. Qxe5 Qc8 29. Nb3 Qb7 30. Qc3 Qb5 31. f5 Qe2 32. Qc2 Qe3 33. Rd3 Qg1+ 34. Qd1
Qh2 35. Rd8+ Rxd8 36. Qxd8+ Kh7 37. Qd3 f6 38. a3 Qg1+ 39. Ka2 c5 40. Qc3 c4 41.
Qxc4 Qg3 42. Qc3 Qg2 43. Nc5 Qd5+ 44. Nb3 Qg2 45. Qd3 a5 46. Nc5 Qc6 47. Ne6 Qc8
48. a4 Qc6 49. Qb3 Qg2 50. Qb5 Qc2 51. Qb3 Qg2 52. Nd4 Qe4 53. Qc4 Qe1 54. Nb3
Qd2 55. Nxd2 1-0

[Event "Titled Tue 17th Jun Early"]
[Site "chess.com INT"]
[Date "2025.06.17"]
[Round "6"]
[White "Ivashentseva, Dominika"]
[Black "Zeliantsova, Kseniya"]
[Result "1-0"]
[WhiteTitle "WCM"]
[BlackTitle "WFM"]
[WhiteElo "1969"]
[BlackElo "2062"]
[WhiteFideId "34331050"]
[BlackFideId "13512617"]
[EventDate "2025.06.17"]

1. d4 Nf6 2. c4 g6 3. Nf3 Bg7 4. g3 d6 5. Bg2 O-O 6. O-O Nbd7 7. Qc2 e5 8. dxe5
Nxe5 9. Nxe5 dxe5 10. Rd1 Qe7 11. Bg5 c6 12. Nc3 h6 13. Bxf6 Bxf6 14. Ne4 Bg7
15. Nd6 Rd8 16. c5 Be6 17. Rd2 Qc7 18. Rad1 Rd7 19. b4 Rad8 20. Rd3 Bf8 21. Nc4
Bf5 22. e4 Bg4 23. Rxd7 Rxd7 24. Rxd7 Bxd7 25. Qc3 Be6 26. Qxe5 Qxe5 27. Nxe5
Bxa2 28. Bf1 Bg7 29. f4 Bxe5 30. fxe5 Kf8 31. Kf2 Ke7 32. Ke3 Ke6 33. Kd4 Bb1
34. Bh3+ Ke7 35. Bc8 b6 36. Ba6 Kd7 37. Bc4 Ke7 38. Bb3 b5 39. Bd1 Ba2 40. Bg4
Be6 41. Bd1 Bd7 42. Bb3 h5 43. h4 Bg4 44. Ba2 Be6 45. Bb1 Bc4 46. Bc2 Ke6 47.
Bd1 Bb3 48. Bxb3+ Ke7 49. Ba2 Ke8 50. Ke3 Ke7 51. Kf4 Ke8 52. Kg5 Ke7 53. Bb3
Ke8 54. Kf6 Kf8 55. Bxf7 1-0

[Event "Titled Tue 17th Jun Early"]
[Site "chess.com INT"]
[Date "2025.06.17"]
[Round "6"]
[White "Kovalenko, Igor"]
[Black "Tristan, Leonardo"]
[Result "1-0"]
[WhiteTitle "GM"]
[BlackTitle "GM"]
[WhiteElo "2676"]
[BlackElo "2536"]
[WhiteFideId "14117908"]
[BlackFideId "113816"]
[EventDate "2025.06.17"]

1. d4 d5 2. Nf3 Nf6 3. c4 e6 4. g3 Be7 5. Bg2 O-O 6. O-O dxc4 7. Qc2 a6 8. a4
Bd7 9. Qxc4 Bc6 10. Bg5 a5 11. Nc3 Ra6 12. Rfd1 Rb6 13. Rd2 Rb4 14. Qd3 Bd5 15.
e4 Bc4 16. Qe3 h6 17. Bxf6 Bxf6 18. h4 Re8 19. Nh2 Rb3 20. e5 Be7 21. Be4 Bf8
22. Ng4 Nc6 23. Rad1 Nb4 24. Bb1 Bd5 25. Qf4 Bc6 26. Kh2 Nd5 27. Qe4 g6 28. Qc2
Rb4 29. Nxd5 Bxd5 30. Nf6+ Kg7 31. h5 Be7 32. hxg6 Bxf6 33. gxf7 Kxf7 34. Qg6+
Ke7 35. exf6+ Kd7 36. Re1 Rf8 37. f7 Qe7 38. Be4 Qxf7 39. Qxh6 c6 40. Bxd5 cxd5
41. Re3 Qf6 42. Qxf6 Rxf6 43. Kg2 Rxa4 44. b3 Rb4 45. Rc3 b5 46. f4 a4 47. bxa4
bxa4 48. Kf3 Rf8 49. g4 Rc8 50. Rcd3 Rb3 51. g5 Rcc3 52. Rxc3 Rxc3+ 53. Kg4 a3
54. Rh2 Rc4 55. g6 Ke7 56. Kg5 Ra4 57. Rh7+ Kd6 58. g7 a2 59. g8=Q a1=Q 60. Qb8+
Kc6 61. Rc7+ Kd6 62. Qd8# 1-0

[Event "Titled Tue 17th Jun Early"]
[Site "chess.com INT"]
[Date "2025.06.17"]
[Round "6"]
[White "Kourkoulos-Arditis, Stamatis"]
[Black "Oro, Faustino"]
[Result "1-0"]
[WhiteTitle "GM"]
[BlackTitle "IM"]
[WhiteElo "2580"]
[BlackElo "2465"]
[WhiteFideId "4221990"]
[BlackFideId "20000197"]
[EventDate "2025.06.17"]

1. b3 e5 2. Bb2 Nc6 3. c4 Nge7 4. Nf3 d5 5. cxd5 Nxd5 6. e3 Ndb4 7. d3 Bf5 8. e4
Bg4 9. a3 Bxf3 10. gxf3 Na6 11. b4 Nd4 12. Nd2 c6 13. Nb3 Nxb3 14. Qxb3 Qf6 15.
d4 exd4 16. O-O-O Bd6 17. Bxa6 bxa6 18. Bxd4 Be5 19. Qc3 Bxd4 20. Qxd4 Qh6+ 21.
Qe3 Qf6 22. e5 Qf5 23. Qc5 Rc8 24. Rhe1 h5 25. Re3 Rh6 26. Red3 Re6 27. Qxa7
Rxe5 28. Qxa6 Re7 29. Qc4 Kf8 30. Rd8+ Rxd8 31. Rxd8+ Re8 32. Rxe8+ Kxe8 33.
Qxc6+ Kd8 34. Qd6+ Ke8 35. Qc6+ Kd8 36. Qe4 Qf6 37. Kc2 Qa1 38. Kb3 Qd1+ 39. Kc3
Qc1+ 40. Kb3 Qd1+ 41. Kc4 Qc1+ 42. Kb5 Qxa3 43. Qd5+ Ke7 44. Qxh5 Qd3+ 45. Ka5
Qa3+ 46. Kb5 Qd3+ 47. Kb6 Qd2 48. Qe5+ Kd7 49. Qb5+ Ke7 50. Qc5+ Kd7 51. b5 Qe1
52. Qc6+ Ke7 53. Qc5+ Kd7 54. Kb7 Qe2 55. Qc6+ Ke7 56. Qe4+ 1-0

[Event "Titled Tue 17th Jun Early"]
[Site "chess.com INT"]
[Date "2025.06.17"]
[Round "6"]
[White "Brancaleoni, Maurizio"]
[Black "Nakonechnyi, Oleksii"]
[Result "0-1"]
[WhiteTitle "FM"]
[BlackTitle "CM"]
[WhiteElo "2185"]
[BlackElo "2222"]
[WhiteFideId "803022"]
[BlackFideId "34173714"]
[EventDate "2025.06.17"]

1. Nf3 Nf6 2. c4 c6 3. d4 g6 4. Nc3 Bg7 5. e4 d6 6. h3 O-O 7. Be3 Qc7 8. Bd3
Nbd7 9. O-O e5 10. d5 c5 11. a3 a6 12. Rb1 b6 13. Qd2 Nh5 14. Rfc1 f5 15. Bh6
Ndf6 16. Bxg7 Qxg7 17. b4 Nf4 18. bxc5 bxc5 19. Rb6 Rd8 20. Bb1 Qc7 21. Qb2 Bd7
22. Rb7 Qc8 23. exf5 Bxf5 24. Qb6 Rb8 25. Rxb8 Qxb8 26. Qxb8 Rxb8 27. Bxf5 gxf5
28. Rb1 Rxb1+ 29. Nxb1 Ne4 30. Kf1 Kf7 31. Nfd2 Nxd2+ 32. Nxd2 Kf6 33. h4 e4 34.
g3 Nd3 35. Ke2 Ke5 36. Ke3 Nb2 37. f3 Nd1+ 38. Ke2 Nc3+ 39. Ke3 a5 40. fxe4 fxe4
41. Nb3 a4 42. Na5 Nb1 43. Nc6+ Kf6 44. Kxe4 Nxa3 45. Kd3 Kf5 46. Kc3 Kg4 47.
Kb2 Nxc4+ 48. Kc3 Nb6 49. Ne7 a3 50. Kb3 Kxg3 51. Nf5+ Kf4 52. Nxd6 Nxd5 53.
Kxa3 Nb6 54. Kb3 Kg4 55. Ne4 c4+ 56. Kc3 Kxh4 57. Nf6 h5 58. Kd4 Kg5 59. Ne4+
Kf4 60. Nf2 h4 61. Nh3+ Kg3 62. Ng5 h3 0-1

[Event "Titled Tue 17th Jun Early"]
[Site "chess.com INT"]
[Date "2025.06.17"]
[Round "6"]
[White "Cardozo Munar, Carlos Eduardo"]
[Black "Panin, Mikhail"]
[Result "1-0"]
[WhiteTitle "FM"]
[BlackTitle "CM"]
[WhiteElo "2052"]
[BlackElo "2255"]
[WhiteFideId "4409477"]
[BlackFideId "34164992"]
[EventDate "2025.06.17"]

1. d4 d5 2. c3 c5 3. dxc5 e5 4. b4 a5 5. Bb2 Nf6 6. Nf3 e4 7. Nd4 Nc6 8. Nxc6
bxc6 9. e3 Be7 10. a3 O-O 11. Nd2 Nd7 12. c4 Bf6 13. Qc2 axb4 14. cxd5 cxd5 15.
c6 Nc5 16. axb4 Rxa1+ 17. Bxa1 Bxa1 18. Qxc5 d4 19. c7 Qd7 20. Bb5 Qe6 21. O-O
dxe3 22. Qxe3 Be5 23. Qxe4 Bxc7 24. Qxe6 Bxe6 25. Bc6 h5 26. b5 Bb6 27. Nf3 Rd8
28. h3 f6 29. Re1 Kf7 30. Ra1 g5 31. Ra6 Rb8 32. Ra8 Rxa8 33. Bxa8 Ke7 34. Bc6
Kd6 35. h4 g4 36. Nd2 Ke7 37. g3 Ba2 38. Ne4 f5 39. Nc3 Bc4 40. Kg2 Kd6 41. f3
Kc5 42. Be8 Ba5 43. Na4+ Kb4 44. Nb2 Bd5 45. Nd3+ Kc3 46. Ne5 gxf3+ 47. Nxf3 Kd3
48. Bxh5 Ke3 49. Kh3 Bxf3 50. Bxf3 Kxf3 51. h5 Ke4 52. h6 Kd5 53. Kh4 Kc5 54.
Kg5 Kxb5 55. Kxf5 Kc6 56. Kf6 Kd7 57. Kf7 Bd2 58. h7 Bc3 59. g4 Bh8 60. g5 Kd6
61. g6 Kd7 62. g7 Bxg7 63. Kxg7 1-0

[Event "Titled Tue 17th Jun Early"]
[Site "chess.com INT"]
[Date "2025.06.17"]
[Round "6"]
[White "Barseghyan, Armen Ar."]
[Black "Gogolev, Artem"]
[Result "0-1"]
[WhiteTitle "IM"]
[BlackTitle "IM"]
[WhiteElo "2348"]
[BlackElo "2240"]
[WhiteFideId "13306707"]
[BlackFideId "4116615"]
[EventDate "2025.06.17"]

1. Nf3 d5 2. d4 Nf6 3. c4 e6 4. Nc3 Be7 5. Bg5 O-O 6. e3 h6 7. Bh4 b6 8. cxd5
Nxd5 9. Bxe7 Qxe7 10. Nxd5 exd5 11. Bd3 Be6 12. O-O c5 13. dxc5 bxc5 14. Rc1 Rc8
15. h3 a5 16. a4 c4 17. Be2 Nc6 18. Nd4 Rab8 19. Nb5 Qb4 20. Qc2 Ne7 21. Rfd1
Bd7 22. Nc3 Qxb2 23. Nxd5 Nxd5 24. Rxd5 Qxc2 25. Rxc2 Bxa4 26. Rxc4 Rxc4 27.
Bxc4 Ra8 28. Rc5 Bd7 29. Rc7 Be6 30. Bxe6 fxe6 31. Kf1 a4 32. Ke2 a3 33. Rc1 Rb8
34. Kf3 a2 35. Ra1 Rb2 36. g4 Kf7 37. Kg3 g5 38. f4 Kf6 39. h4 e5 40. hxg5+ hxg5
41. fxg5+ Kxg5 42. Kf3 Kf6 43. Ke4 Ke6 44. g5 Rg2 45. g6 Rg4+ 46. Kf3 Ra4 47.
Ke2 Kf6 48. Kd3 Kxg6 49. Kc3 Kf5 50. Kb2 Ke4 0-1

[Event "Titled Tue 17th Jun Early"]
[Site "chess.com INT"]
[Date "2025.06.17"]
[Round "6"]
[White "Mayank, Chakraborty"]
[Black "Andreikin, Dmitry"]
[Result "1/2-1/2"]
[WhiteTitle "IM"]
[BlackTitle "GM"]
[WhiteElo "2457"]
[BlackElo "2695"]
[WhiteFideId "25659766"]
[BlackFideId "4158814"]
[EventDate "2025.06.17"]

1. d4 Nf6 2. c4 e6 3. g3 c5 4. Nf3 cxd4 5. Nxd4 d5 6. Bg2 e5 7. Nf3 d4 8. O-O
Nc6 9. e3 Bc5 10. exd4 exd4 11. Nbd2 a5 12. Nb3 Ba7 13. c5 O-O 14. Nfxd4 Bg4 15.
Qd2 Nxd4 16. Qxd4 Qxd4 17. Nxd4 Bxc5 18. Be3 Rfd8 19. Bxb7 Bxd4 20. Bxd4 Rab8
21. Bxf6 gxf6 22. Bg2 Rxb2 23. Rfb1 Rdd2 24. Rxb2 Rxb2 25. a4 Bd7 26. Bd5 Rb4
27. Re1 Kf8 28. Rc1 Bxa4 29. Rc7 Be8 30. Ra7 a4 31. Kf1 Rd4 32. Bf3 Rd3 33. Be4
Rb3 34. Bxh7 a3 35. Ke1 Bc6 36. Kd2 Bd5 37. Ra5 Be6 38. Bc2 Rf3 39. Ke2 Rc3 40.
Kd2 Rf3 41. Ke2 Bg4 42. Ra8+ Kg7 43. h3 Rc3+ 44. Kd2 Bf3 45. Kxc3 Bxa8 46. Kb3
Bd5+ 47. Kxa3 Be6 48. h4 f5 49. Kb4 f4 50. gxf4 Kh6 51. Bd1 Kg6 52. Bc2+ Kh5 53.
f5 Ba2 54. Bb3 Bxb3 55. Kxb3 Kxh4 56. Kc4 Kg5 57. Kd3 Kxf5 58. Ke3 Kg4 59. Ke4
f6 60. f4 Kg3 61. Kf5 Kf3 62. Kxf6 Kxf4 1/2-1/2

[Event "Titled Tue 17th Jun Early"]
[Site "chess.com INT"]
[Date "2025.06.17"]
[Round "6"]
[White "Huh, Isaak"]
[Black "Karttunen, Mika"]
[Result "0-1"]
[WhiteTitle "CM"]
[BlackTitle "IM"]
[WhiteElo "2139"]
[BlackElo "2490"]
[WhiteFideId "13209590"]
[BlackFideId "502081"]
[EventDate "2025.06.17"]

1. Nf3 Nf6 2. g3 g6 3. Bg2 Bg7 4. O-O d5 5. c4 e6 6. Nc3 d4 7. Nb1 O-O 8. d3 c5
9. a3 a5 10. b3 Nc6 11. Bd2 e5 12. e4 Ne8 13. Ra2 f5 14. exf5 gxf5 15. Ng5 Nc7
16. Qh5 h6 17. Nf3 Qe8 18. Qxe8 Rxe8 19. Nh4 e4 20. Bf4 Ne6 21. dxe4 Nxf4 22.
gxf4 fxe4 23. Re1 e3 24. fxe3 dxe3 25. Rae2 Bd4 26. Bd5+ Kh7 27. Kh1 Bg4 28. Rg2
Bh5 29. Nf5 Rad8 30. Nxd4 cxd4 31. Reg1 Re7 32. f5 Rxd5 33. cxd5 Bf3 34. dxc6
bxc6 35. f6 Rf7 36. Re1 Rxf6 37. Kg1 Bxg2 38. Kxg2 Rf2+ 39. Kg3 c5 40. h4 Rb2
41. Kf3 Rxb3 42. Ke4 Rb2 43. Kd3 Rb8 44. Kc4 Rc8 45. a4 Kg6 46. Na3 Kf5 47. Nb5
Kg4 48. Nd6 Rc7 49. Nb5 Rc6 50. Kd5 Rc8 51. Nd6 Rd8 52. Kxc5 Kf3 53. Nc4 e2 54.
Ne5+ Kf2 55. Nd3+ Ke3 0-1

[Event "Titled Tue 17th Jun Early"]
[Site "chess.com INT"]
[Date "2025.06.17"]
[Round "6"]
[White "Perry, Patrick"]
[Black "Bozorov, Javohir"]
[Result "0-1"]
[BlackTitle "FM"]
[WhiteElo "2296"]
[BlackElo "2039"]
[WhiteFideId "30917727"]
[BlackFideId "14216957"]
[EventDate "2025.06.17"]

1. e4 e6 2. d4 d5 3. Nc3 Nf6 4. e5 Nfd7 5. f4 c5 6. Nf3 Nc6 7. Be3 a6 8. Qd2 Qb6
9. Nd1 Qc7 10. c3 b5 11. Bd3 Bb7 12. O-O Be7 13. Qf2 b4 14. f5 c4 15. Bc2 O-O-O
16. Ng5 Rdf8 17. Qg3 Bxg5 18. Bxg5 exf5 19. Bxf5 h6 20. Bd2 g6 21. Bh3 Kb8 22.
Ne3 Nb6 23. Rf6 Ka8 24. Raf1 bxc3 25. bxc3 Nd8 26. Qf3 h5 27. Bc1 g5 28. Bf5 g4
29. Qf4 Nd7 30. Bxd7 Qxd7 31. Ba3 Re8 32. Qf5 Re6 33. Rb1 Bc6 34. Bd6 Rhe8 35.
Qxh5 Rxf6 36. Nxg4 Rxd6 37. exd6 Qxd6 38. Qf5 Qe6 39. Qf3 Qe4 40. Ne5 Qxb1+ 41.
Kf2 Qc2+ 42. Kg3 Rxe5 43. dxe5 Qd3 44. h4 Qxf3+ 45. gxf3 d4 46. cxd4 c3 47. Kf2
c2 48. d5 c1=Q 49. dxc6 Qxc6 50. h5 Qh6 0-1